00450 2200169 4500001002100000005001700021008004100038035002400079082001100103090001700114100001600131245006000147260002600207300002000233650001500253990001200268YOGYA-0512000000064420120527214531.0 ind  0010-051200000000644 a796.33 a796.33 Sal T aSALEH, Adam aTuntunan sepak bola untuk anak-anak remajacAdam Saleh. a[S.L]bAkadomac[s.a] a162 hlm.b20 cm aSepak bola a13335-b